Europa ausente

Wedi'i Gadw mewn:
Manylion Llyfryddiaeth
Prif Awdur: Uscatescu, George (Awdur)
Fformat: Llyfr
Iaith:Sbaeneg
Cyhoeddwyd: Madrid Editora Nacional 1952
Cyfres:Libros de Actualidad Política, 6
Pynciau:
Tagiau: Ychwanegu Tag
Dim Tagiau, Byddwch y cyntaf i dagio'r cofnod hwn!

MARC

LEADER 00000nam a2200000 a 4500
001 UCO1711
003 CL-VaPUC
008 000519e19520000SP |||||||||||||||||spa|d
082 0 4 |a 320.5  |b USC  |2 21 
100 0 |a Uscatescu, George  |e author  |9 444175 
245 1 0 |a Europa ausente 
300 |a 193 p 
942 |c BK 
945 |d 20000519 00:00:00  |a rherrera 
260 |a Madrid  |b Editora Nacional  |c 1952 
650 0 |a Ideologías políticas   |9 255735 
650 0 |a Socialismo  |9 255260 
650 7 |a NACIONALSOCIALISMO  |2 CL-VaPUC  |9 314512 
650 0 |a Comunismo  |9 255588 
650 0 |a Anticomunismo  |9 442456 
650 7 |a HISTORIA DE RUSIA SIGLO 20  |2 CL-VaPUC  |9 444176 
651 0 |a Rusia   |9 256106 
583 |a last modification  |c 20160912 04:18:38  |k Rodrigo Vera 
490 0 |a Libros de Actualidad Política, 6 
999 |c 288315  |d 288313 
952 |0 0  |1 0  |4 0  |6 320_500000000000000_USC_1952  |7 0  |8 A  |9 335904  |a BIBHIS  |b BIBHIS  |d 2019-11-20  |i 1282786  |o 320.5 USC 1952  |p 1282786  |r 2025-01-20  |w 2019-11-20  |y BK  |k HIS